000 00512nam a22001817a 4500
999 _c143377
_d143377
005 20230320161355.0
010 _aENG-119808
020 _c85.00
035 _aEN-103340
037 _bDBAD/PUB
082 _a320.50954
100 _aNaidu,Damodar
245 _aPolitical thought /
_cby Damoder Nidu
260 _aHydrabad
_bLorven Publications
_c2012
270 _a# 3-5-1108,Maruti Complex,Narayanguda
_bHydrabad
_e2012
300 _a159p.
_c20cm(pbk)
942 _2ddc
_cEN
_mNAI
_h320.50954